Najbardziej wartościowi piłkarze angielskiej Premier League - Statystyki

Ogólne statystyki
  • Ten quiz został rozwiązany 650 razy
  • Średni wynik to 11 z 15
Statystyki odpowiedzi
Klub Nazwisko % Poprawnych
Tottenham (150 mln) Harry Kane
97%
Liverpool (150 mln) Mohamed Salah
97%
Liverpool (150 mln) Sadio Mane
92%
Manchester City (150 mln) Kevin De Bruyne
88%
Liverpool (100 mln) Virgil van Dijk
88%
Manchester City (160 mln) Raheem Sterling
79%
Liverpool (90 mln) Roberto Firmino
76%
Liverpool (90 mln) Alisson
68%
Manchester United (100 mln) Paul Pogba
66%
Liverpool (110 mln) Trent Alexander-Arnold
65%
Tottenham (90 mln) Dele Alli
61%
Chelsea (100 mln) N'Golo Kante
60%
Manchester City (100 mln) Leroy Sane
49%
Tottenham (90 mln) Christian Eriksen
40%
Manchester City (100 mln) Bernardo Silva
39%
Nie znaleziono quizów pasujących do podanych kryteriów
Rozkład punktacji
Procent ludzi z każdym wynikiem
Percentyl według liczby udzielonych odpowiedzi
Twoja historia wyników
Nie rozwiązałeś tego quizu